000 00825cam a2200241 a 4500
001 3941511
005 20250329112113.0
008 930407s1993 iluab b 001 0 eng
020 _a0802485901
020 _a9780802485908
050 0 0 _aBR145.2
_b.C56 1993
082 0 0 _a261/.09
_220
100 1 _aClouse, Robert G.,
_d1931-
245 1 0 _aTwo kingdoms :
_bthe Church and culture through the ages /
_cRobert G. Clouse, Richard V. Pierard, Edwin M. Yamauchi.
260 _aChicago :
_bMoody Press,
_cc1993.
300 _a672 p. :
_bill., maps ;
_c23 cm.
650 0 _aChurch history.
650 0 _aChristianity and culture.
700 1 _aPierard, Richard V.,
_d1934-
700 1 _aYamauchi, Edwin M.
856 4 2 _3Publisher description
_uhttp://www.loc.gov/catdir/enhancements/fy0609/93013410-d.html
942 _2lcc
_cBK
_n0
999 _c5331
_d5331